00401nam a2200133Ia 4500008004000000020001800040082001600058100002300074245009000097250000500187260004700192300001300239650001500252210210b2001 xxu||||| |||| 00| 0 eng d a81 242 0229 X a378.12 VOHM aVOHRA (Amrit Lal). aManual of service conditions of teachers in universities and colleges in India. Ed 1. a aNew Delhi.bCrest Publishing House.,c2001 axxiv,608 aTeachers